| 000 | 01827nam a2200445 i 4500 | ||
|---|---|---|---|
| 001 | 30433 | ||
| 003 | KOSZ 005 | ||
| 005 | 20211022094329.0 | ||
| 008 | 980702s1995 pl a |000 0 pol | ||
| 015 | _aPB 1996/6572 | ||
| 020 | _a838646710X | ||
| 040 |
_aWA N _cWA N _dKOSZ 005/HR |
||
| 041 | 1 |
_apol _heng |
|
| 046 | _k1995 | ||
| 080 | _a341.24 | ||
| 080 | _a349.6 | ||
| 080 | _a556.3 | ||
| 080 | _a556.5 | ||
| 080 | _a(094.2) | ||
| 245 | 0 | 0 |
_aKonwencja o ochronie i użytkowaniu cieków granicznych i jezior międzynarodowych / _cpod red. Stanisława Wajdy i Janusza Żurka ; [tł. z ang. Bogusław Stawski] ; Instytut Ochrony Środowiska. |
| 246 | 1 |
_iTyt. oryg.: _aConvention on the Protection and Use of Transboundary Watercourses and International Lakes done at Helsinki, on 17 March 1992. |
|
| 260 |
_aWarszawa : _bAgencja Informacyjna GEA, _c[1995] _e(Warsz. : _f"Arwil"). |
||
| 300 |
_a27, [1] s. : _berr. ; _c24 cm. |
||
| 380 | _aKsiążki | ||
| 388 | _a1901-2000 | ||
| 388 | _a1989-2000 | ||
| 490 | 1 |
_aKonwencje Międzynarodowe i Uchwały Organizacji Międzynarodowych ; _vz. 5. |
|
| 610 | 2 | 4 | _aEuropejska Komisja Gospodarcza (Organizacja Narodów Zjednoczonych) |
| 650 | 4 | _aUmowy międzynarodowe gospodarcze | |
| 650 | 4 | _aWody podziemne | |
| 650 | 4 | _aWody śródlądowe | |
| 650 | 4 | _aPrawo międzynarodowe | |
| 658 | _aPrawo i wymiar sprawiedliwości | ||
| 700 | 1 |
_aŻurek, Janusz _eRedakcja |
|
| 700 | 1 |
_aWajda, Stanisław _c(prawo) _eRedakcja |
|
| 700 | 1 |
_aStawski, Bogusław _c(filolog) _eTłumaczenie |
|
| 830 | 0 |
_aKonwencje Międzynarodowe i Uchwały Organizacji Międzynarodowych ; _vz. 5. |
|
| 856 |
_uhttp://koha.tu.koszalin.pl/cgi-bin/koha/opac-detail.pl?biblionumber=30433 _yKatalog online BPK |
||
| 942 |
_2UKD _cKS |
||
| 999 |
_c30433 _d30433 |
||